|
|
|
|
| LEADER |
01278nam a2200301 a 4500 |
| 001 |
15071772 |
| 003 |
BD-DhAAL |
| 008 |
121126s2007 enka b 001 0 eng d |
| 999 |
|
|
|c 12962
|d 12962
|
| 010 |
|
|
|a 2007901130
|
| 020 |
|
|
|a 9780500203958 (pbk.)
|
| 020 |
|
|
|a 0500203954 (pbk.)
|
| 040 |
|
|
|a UKM
|c UKM
|d BAKER
|d BTCTA
|d YDXCP
|d C#P
|d DLC
|d BD-DhAAL
|
| 082 |
0 |
4 |
|a 724
|2 22
|
| 100 |
1 |
|
|a Frampton, Kenneth.
|9 32390
|
| 245 |
1 |
0 |
|a Modern architecture :
|b a critical history /
|c Kenneth Frampton.
|
| 250 |
|
|
|a 4th ed.
|
| 260 |
|
|
|a London ;
|a New York, N.Y. :
|b Thames & Hudson,
|c 2007.
|
| 300 |
|
|
|a 424 p. :
|b ill. ;
|c 21 cm.
|
| 490 |
|
0 |
|a World of art
|
| 504 |
|
|
|a Includes bibliographical references (p. 390-412) and index.
|
| 526 |
|
|
|a ARC
|
| 541 |
|
|
|e 00026249
|
| 650 |
|
0 |
|a Architecture, Modern.
|9 32391
|
| 852 |
4 |
|
|a Ayesha Abed Library
|j General shelf
|
| 942 |
0 |
0 |
|0 1
|2 ddc
|c BK
|
| 952 |
|
|
|0 0
|1 0
|4 0
|6 724_000000000000000_FRA
|7 0
|9 21433
|a BRACUL
|b BRACUL
|c GEN
|d 2012-11-26
|e Essence Science Publication
|g 2723.00
|l 5
|m 87
|o 724 FRA
|p 3010026249
|r 2025-12-11
|s 2025-11-04
|t 1
|w 2012-11-26
|y BK
|
| 952 |
|
|
|0 0
|1 0
|2 ddc
|4 0
|6 724_000000000000000_FRA
|7 0
|9 21995
|a BRACUL
|b BRACUL
|c GEN
|d 2013-03-10
|e Essence Science and Publishers
|g 2723.00
|l 9
|m 28
|o 724 FRA
|p 3010026585
|r 2025-08-04
|s 2025-07-02
|t 2
|w 2013-03-10
|y BK
|